Culture Générale - Série 964 - Statistiques

Statistiques générales
  • Ce quiz a été pris 108 fois
  • Le résultat moyen est 9 sur 10
Statistiques - réponses
Question Réponse % Correct
Quelle partie du porc est supposée être en tire-bouchon ? queue
100%
Quel astre est associé au surnom de Louis XIV ? soleil
98%
Selon l'expression, quel pachyderme est réputé avoir une bonne mémoire ? éléphant
97%
Avec quelle grande cuillère à long manche, à cuilleron hémisphérique, sert-on habituellement le potage ? louche
94%
Quel animal est aussi appelé goupil ? renard
94%
En 1998, dans quel pays la Coupe du monde de football s'est-elle déroulée ? France
93%
Quelle perversion sexuelle, dans laquelle la personne a besoin de souffrir pour prendre du plaisir, tire son nom du romancier autrichien Sacher-Masoch ? masochisme
89%
Dans la religion catholique, comment appelle-t-on l'aveu de ses péchés à un prêtre, dans le sacrement de la pénitence ? confession
84%
Quel État d'Afrique orientale a Kampala pour capitale ? Ouganda
59%
Quel mot désigne à la fois un bateau fluvial à fond plat et, familièrement, une grande chaussure ? péniche
52%
Aucun quiz correspondant
Distribution des résultats
% des personnes avec chaque résultat
Percentile par nombre de réponses
Votre historique - résultats
Vous n’avez pas pris ce quiz